| 000 | 00796nam a22002177a 4500 | ||
|---|---|---|---|
| 005 | 20250116085243.0 | ||
| 008 | 250116b |||||||| |||| 00| 0 eng d | ||
| 020 | _a978-621-451-028-3 | ||
| 082 | _aFil. 372.64 T253 2022 | ||
| 100 | _aBacus, Remedios C. | ||
| 245 |
_aThe teaching and assessment of literature studies / _cRemedios C. Bacus, Ionell Jay Terogo, Roselyn T. Bustos, Lelani C. Dapat |
||
| 260 |
_aQuezon City: _bLorimar Publishing, _cc2022 |
||
| 300 |
_axii, 142p.: _bill. |
||
| 504 | _aIncludes bibliographical references | ||
| 541 | _e7705 c.1, 7706 c.2 | ||
| 650 | _aLiterature - Study and teaching (Elementary) | ||
| 650 | _aLiterature - Ability testing | ||
| 700 |
_aTerogo, Ionell Jay _eauthor |
||
| 700 |
_aBustos, Roselyn T. _eauthor |
||
| 700 |
_aDapat, Lelani C. _eauthor |
||
| 999 |
_c2357 _d2357 |
||